00716nam a2200193Ia 4500001001000000003000500010008004100015010001100056040000900067100004200076245012400118260003400242300001000276502010600286650002900392650002300421650002800444710005000472Para_9125CHAP220125s2006 xx 000 0 und d a207878 cCHAP aRamírez Hernández, Violeta Balene aSintomatología de virus asociadods a gerbera Gerbera jamesonii H. Bolus /c por Violeta Balene Ramírez Hernández aChapingo, Méx. :b el autor a99 h. aTesis (Ing. Agr. Esp. en Parasitología Agrícola) -- UACh. Departamento Parasitología Agrícola aGerbera x enfermedades  aGerbera x plagas  aPhytophthora drechsleri aUACh. Departamento Parasitología Agrícola